The Oxford companion to children's literature / (Record no. 24958)

000 -LEADER
fixed length control field 00827pam a2200229 a 4500
001 - CONTROL NUMBER
control field 3768838
005 - DATE AND TIME OF LATEST TRANSACTION
control field 20170130125315.0
008 - FIXED-LENGTH DATA ELEMENTS--GENERAL INFORMATION
fixed length control field 830804s1984 enkach e 000 0 eng
010 ## - LIBRARY OF CONGRESS CONTROL NUMBER
LC control number 83015130
020 ## - INTERNATIONAL STANDARD BOOK NUMBER
International Standard Book Number 0192115820 :
Terms of availability $35.00
040 ## - CATALOGING SOURCE
Original cataloging agency DLC
Transcribing agency DLC
Modifying agency DLC
050 00 - LIBRARY OF CONGRESS CALL NUMBER
Classification number PN1008.5
Item number .C37 1984
100 1# - MAIN ENTRY--PERSONAL NAME
Personal name Carpenter, Humphrey.
245 14 - TITLE STATEMENT
Title The Oxford companion to children's literature /
Statement of responsibility, etc. Humphrey Carpenter and Mari Prichard.
260 ## - PUBLICATION, DISTRIBUTION, ETC. (IMPRINT)
Place of publication, distribution, etc. Oxford [Oxfordshire] ;
-- New York :
Name of publisher, distributor, etc. Oxford University Press,
Date of publication, distribution, etc. 1984.
300 ## - PHYSICAL DESCRIPTION
Extent x, 586 p. :
Other physical details ill., facsims., ports. ;
Dimensions 24 cm.
650 #0 - SUBJECT ADDED ENTRY--TOPICAL TERM
Topical term or geographic name as entry element Children's literature
General subdivision Dictionaries.
700 1# - ADDED ENTRY--PERSONAL NAME
Personal name Prichard, Mari.
942 ## - ADDED ENTRY ELEMENTS (KOHA)
Source of classification or shelving scheme
Koha item type Hard Covered Materials
Classification part PN1008.5 .C37 1984
Holdings
Withdrawn status Lost status Source of classification or shelving scheme Damaged status Not for loan Home library Current library Shelving location Date acquired Source of acquisition Total Checkouts Full call number Barcode Date last seen Price effective from Koha item type
          MACHAKOS UNIVERSITY LIBRARY MACHAKOS UNIVERSITY LIBRARY Technical section 30/01/2017 Donation(BFA)   PN1008.5 .C37 1984 28685 26/07/2018 30/01/2017 Hard Covered Materials
© Machakos University Library, Along The Highway, Machakos Wote Rd, Machakos, Kenya P.O. Box 136 - 90100 Machakos - Kenya

Tel: ( +254 ) 723 805829 OR Fax : 044-20353 OR Email: library@mksu.ac.ke